The valuation of individual trade related properties (Record no. 112116)

MARC details
000 -LEADER
fixed length control field 01260cad a22002415a 4500
001 - CONTROL NUMBER
control field E152564
008 - FIXED-LENGTH DATA ELEMENTS--GENERAL INFORMATION
fixed length control field 110329s2010 xxk f 000 0 eng d
035 ## - SYSTEM CONTROL NUMBER
System control number (Sirsi) u152564
041 0# - LANGUAGE CODE
Language code of text/sound track or separate title eng
050 04 - LIBRARY OF CONGRESS CALL NUMBER
Classification number 333.332 $2 18
110 2# - MAIN ENTRY--CORPORATE NAME
Corporate name or jurisdiction name as entry element Royal Institution of Chartered Surveyors
9 (RLIN) 4900
245 04 - TITLE STATEMENT
Title The valuation of individual trade related properties
Medium [electronic resource]
260 ## - PUBLICATION, DISTRIBUTION, ETC.
Place of publication, distribution, etc. Coventry
Name of publisher, distributor, etc. RICS
Date of publication, distribution, etc. 2010
490 #0 - SERIES STATEMENT
Series statement RICS Guidance Note
520 ## - SUMMARY, ETC.
Summary, etc. Certain properties are valued using the profits method (also known as the income approach) of valuation. This guidance note sets out the principles of this method of valuation. However, it does not concern itself with the detailed approach to a valuation that may vary according to the property to be valued.
520 ## - SUMMARY, ETC.
Summary, etc. No longer available as a standalone document, incorporated into the Red Book Global Standards effective 31 Jan 2022 as VPGA 4
590 ## - LOCAL NOTE (RLIN)
Local note KA
650 24 - SUBJECT ADDED ENTRY--TOPICAL TERM
Topical term or geographic name entry element RICS VALUATION STANDARDS
651 #4 - SUBJECT ADDED ENTRY--GEOGRAPHIC NAME
Geographic name United Kingdom
690 ## - LOCAL SUBJECT ADDED ENTRY--TOPICAL TERM (OCLC, RLIN)
Topical term or geographic name as entry element PROPERTY-PROPERTY APPRAISAL AND VALUATION
856 40 - ELECTRONIC LOCATION AND ACCESS
Uniform Resource Identifier <a href="https://www.isurv.com/info/1261/rics_valuation_%E2%80%93_global_standards/7681/part_5_valuation_applications_vpgas/5">https://www.isurv.com/info/1261/rics_valuation_%E2%80%93_global_standards/7681/part_5_valuation_applications_vpgas/5</a>
Public note Now forms part of the Red Book Global Standards
942 ## - ADDED ENTRY ELEMENTS (KOHA)
Suppress in OPAC 0
Source of classification or shelving scheme Dewey Decimal Classification
Holdings
Withdrawn status Lost status Source of classification or shelving scheme Damaged status Not for loan Home library Current library Shelving location Date acquired Total Checkouts Full call number Barcode Date last seen Copy number Price effective from Koha item type
    Dewey Decimal Classification     Virtual Virtual Online 29/03/2011   isurv 152564-1001 31/05/2023 1 06/08/2019 Online material